000 00475nam a2200205Ia 4500
008 240509s9999 xx 000 0 und d
020 _a0000852642539
041 _aEng
082 _a519.253
082 _bY17
100 _aYATES, Frank
245 0 _aSampling methods for censuses and surveys
250 _a4th ed.
260 _bLondon, Charles Griffin
260 _c1981
300 _a458 p.
650 _aStatistics : Sampling
942 _2ddc
942 _cLBK
999 _c22820
_d22820
945 _a1
_bMadushi Gamage
_c1
_dMadushi Gamage